Social work : An empowering profession (Record no. 1459717)

MARC details
000 -LEADER
fixed length control field 00562nam a2200217Ia 4500
005 - DATE AND TIME OF LATEST TRANSACTION
control field 20250923150120.0
008 - FIXED-LENGTH DATA ELEMENTS--GENERAL INFORMATION
fixed length control field 008 250917s9999 xx 000 0 eng d
037 ## - SOURCE OF ACQUISITION
Stock number Textual
040 ## - CATALOGING SOURCE
Original cataloging agency DSWL
Language of cataloging eng
Transcribing agency DSWL
041 ## - LANGUAGE CODE
Language code of text/sound track or separate title eng
Source of code eng
084 ## - COLON CLASSIFICATION NUMBER
Assigning agency DSWL
100 ## - MAIN ENTRY--PERSONAL NAME
Personal name Dobois, B
9 (RLIN) 842394
245 #0 - TITLE STATEMENT
Title Social work : An empowering profession
Statement of responsibility, etc. by B Dobois
260 ## - PUBLICATION, DISTRIBUTION, ETC.
Place of publication, distribution, etc. Boston
Name of publisher, distributor, etc. Allynt Bacon
Date of publication, distribution, etc. 1999
300 ## - PHYSICAL DESCRIPTION
Extent 535p.
365 ## - TRADE PRICE
Price type code INR
Price amount 2154.6
700 ## - ADDED ENTRY--PERSONAL NAME
Personal name K.K MILEY
9 (RLIN) 842395
925 ## -
-- 2154.6
942 ## - ADDED ENTRY ELEMENTS (KOHA)
Koha item type Textual
Holdings
Withdrawn status Lost status Damaged status Not for loan Home library Current library Date acquired Source of acquisition Inventory number Total Checkouts Barcode Date last seen Price effective from Koha item type
        Department of Social Work Library Department of Social Work Library 2025-09-23 R.K. Books 221 , 09/09/2002   SW0028331 2025-09-23 2025-09-23 Textual
Copyright @ Delhi University Library System